00977nam a22001697a 4500003000900000005001700009008004100026040001300067100003500080245003200115260003400147300001700181520047800198942001200676999001900688952010000707IT-RoPau20220918181219.0140315b xxu||||| |||| 00| 0 eng d cIT-RoPau aIstituto Santa Famiglia916753 aAnnunciare Cristo con Maria bIstituto Santa Famigliac2011 a8 pp.c21 cm aIndice Canto di esposizione saluto Acclamazione alla SS. Trinità Il Rosario, "compendio del Vangelo" Lettura biblica Consacrazione a Maria Silenzio Il Rosario: percorso di annuncio Misteri della luce 1° mistero - Il Battesimo di Gesù 2° mistero - Gesù si rivela a Cana 3° mistero - Annuncio del Regno di Dio 4° mistero - La Trasfigurazione di Gesù 5° mistero - L'istituzione dell'Eucarestia Messaggio finale Litanie in canto Canto eucaristico Canto finale  2ddccMX c104242d104242 00102ddc406P_D171aPAULUSbPAULUSd2014-03-15l0oP D1r2014-03-15 00:00:00w2014-03-15yMX